แสดงรายละเอียดบรรณานุกรม
  กลับหน้าหลัก

Brief Record : Get Marc (ISO 2709) : E-mail record : QR code ปิดหน้าต่าง
E-books : เกี่ยวกับ Collections
LEADER 00000nama 2200000uu 4500
001    197787
003     ULIBM
008    040531s|||| th m m a000 0 tha d
020    9789740447092
041    tha
050    WX215 ห321 2551
100    วิทยา ชาติบัญชาชัย...[และคนอื่นๆ].
245    หลักการพัฒนาระบบบริการการแพทย์ฉุกเฉิน 2551/วิทยา ชาติบัญชาชัย...[และคนอื่นๆ].
260    โรงพยาบาลขอนแก่น. 2551. ขอนแก่น.
300    252 หน้า.
500    ได้รับการสนับสนุนงบประมาณจากสำนักงานหลักประกันสุขภาพแห่งชาติ.
600    I.สำนักงานระบบบริการการแพทย์ฉุกเฉิน II.สำนักงานหลักประกันสุขภาพแห่งชาติ.
650    1.บริการการแพทย์ฉุกเฉิน--การพัฒนา 2.บริการฉุกเฉินของโรงพยาบาล.
995    001
รายการนี้ยังไม่มีแท็ก
คุณยังไม่ได้ล็อกอิน คุณสามารถมีกิจกรรมร่วมกับเว็บไซต์ได้ แต่ต้องล็อกอินก่อน ::
  ล็อกอิน
ลำดับที่ ประเภท เลขเรียก สถานที่ สถานะ
1. หนังสือทั่วไป
หนังสือทั่วไป
WX215 ห321 2551 ฉ.2 
  
หนังสือทั่วไป On Shelf
  ขอยืม
   [แสดง 1/1 รายการ]

รายการใกล้เคียง
    ผู้แต่ง [วิทยา ชาติบัญชาชัย...[และคนอื่นๆ].]

BibComment


ยังไม่เคยถูกคอมเมนท์

คอมเมนท์ทรัพยากรรายการนี้
  คอมเมนท์: หลักการพัฒนาระบบบ..
Bib 197787

 
 
 

 Union Library Management : ULibM
Copyright 2026. All Rights Reserved.
скачать бесплатно без регистрации порно красивый секс HD Sex Hindi sex

xxx gou

xxxx

bfxxx

xxxwww

Секса Видео

xxxx

Секса Видео

detube

geilexxx

C99 Shell

worms shell

blod xxx video
Ebony Coed Rihanna Rimes Takes A Dick In Her Young Twat priyaa indian fuck anal and pusssy hardcore indian women xxx desi hardcore fucking part 1 bengalixxxcouple